Edmond et Jules de Goncourt, Sœur Philomène . Édition critique par Alex Lascar. Paris, Honoré Champion, 2015. Un vol. de 365 p. (notice n° 1655684)
[ vue normale ]
| 000 -LEADER | |
|---|---|
| fixed length control field | 00605cam a2200145 4500500 |
| 005 - DATE AND TIME OF LATEST TRANSACTION | |
| control field | 20260208010232.0 |
| 041 ## - LANGUAGE CODE | |
| Language code of text/sound track or separate title | fre |
| 042 ## - AUTHENTICATION CODE | |
| Authentication code | dc |
| 100 10 - MAIN ENTRY--PERSONAL NAME | |
| Personal name | Pety, Dominique |
| Relator term | author |
| 245 00 - TITLE STATEMENT | |
| Title | Edmond et Jules de Goncourt, Sœur Philomène . Édition critique par Alex Lascar. Paris, Honoré Champion, 2015. Un vol. de 365 p. |
| 260 ## - PUBLICATION, DISTRIBUTION, ETC. | |
| Date of publication, distribution, etc. | 2016.<br/> |
| 500 ## - GENERAL NOTE | |
| General note | 27 |
| 786 0# - DATA SOURCE ENTRY | |
| Note | Revue d'histoire littéraire de la France | 116 | 4 | 2016-11-30 | p. 951t-1024t | 0035-2411 |
| 856 41 - ELECTRONIC LOCATION AND ACCESS | |
| Uniform Resource Identifier | <a href="https://shs.cairn.info/revue-d-histoire-litteraire-de-la-france-2016-4-page-951t?lang=fr&redirect-ssocas=7080">https://shs.cairn.info/revue-d-histoire-litteraire-de-la-france-2016-4-page-951t?lang=fr&redirect-ssocas=7080</a> |
Pas d'exemplaire disponible.




Réseaux sociaux